Random "C" Cities - Statistics

General Stats
  • This quiz has been taken 31 times
  • The average score is 16 of 20
Answer Stats
Hint Answer % Correct
Capital and largest city in Egypt Cairo
100%
Capital of Australia Canberra
100%
Famed university-city in England Cambridge
96%
Capital of Denmark Copenhagen
96%
2nd largest city in Ireland Cork
96%
City that accounts for about 20% of Illinois' population Chicago
93%
Largest city in Alberta, Canada Calgary
82%
Capital of West Virginia Charleston
82%
3rd Largest Cincinnati
82%
2nd Largest Cleveland
82%
Largest city in Ohio Columbus
82%
Capital of South Carolina Columbia
75%
Second-largest city in Argentina Cordoba
71%
3rd largest city in Colombia Cali
68%
Capital of Saint Lucia Castries
68%
Capital of the Tamil Nadu state in India Chennai
64%
4th largest city in Tennessee Chattanooga
57%
5th largest city in Colombia Cartagena
54%
Capital of the Sichuan province in China Chengdu
54%
Capital of the Parana state in Brazil Curitiba
54%
No matching quizzes found
Score Distribution
Percent of People with Each Score
Percentile by Number Answered
Your Score History
You have not taken this quiz